000 00634nam a2200253Ia 4500
003 OSt
005 20220912150658.0
006 a|||||r|||| 00| 0
007 ta
008 220909b |||||||| |||| 00| 0 eng d
024 _a51350
037 _cTextual
040 _aCSL
_beng
_cCSL
041 _aeng
082 _aI8:11, L9
100 _aDahiya Baljit Singh
245 0 _aSystematic botany
260 _aNew Delhi
_b Kalyani Pub
_c1979
300 _axiii, 436p.
_ccm.
650 _a Dicotyledon
650 _aBotany
942 _hI8:11, L9
_cTEXL
_2CC
999 _c52378
_d52378